00669nam a2200205Ia 4500003000400000008004100004020002200045040000800067100001800075245006200093260004500155300001500200365001100215901002100226902003500247903005800282942001200340952009400352999001700446LDD181029s9999 xx 000 0 und d a195679903c595.00 cLDD aWeiner, Myron 0aBorn unfreebchild labour education & StatecMyron Weiner aNew DelhibOxford University Pressc2006 alxxxvii, 5 b595.00 a3693b16-01-2007 a7340b22-02-2007cFdUPPALe31 aDiscount-10bReqst by : Debal K. Singharoy  2ddccBK 00102ddc4070978166aLDDbLDDl0o331.310954 W571Bp061497r2018-11-01w2018-11-01yBK c78167d78167